000
00151 a2200085 4500
041
_a
spa
100
_a
Anonimo
245
_a
Codigo del trabajo
942
_c
BK
999
_c
1259
_d
1259